000 00650cam a2200229 a 4500
001 000020178
005 20200929170312.0
008 741125s1944 ag 001 f spa d
040 _aDO-SdBNP
_bspa
_cBNPHU
082 _a863.3
_bG731cr
100 1 _aGracián y Morales, Baltasar,
_d1601-1658
_93393
245 1 3 _aEl criticón /
_cBaltasar Gracián.
260 _aMadrid :
_bEspasa-Calpe,
_c1944.
300 _a417 p. ;
_c18 cm.
490 1 _aAustral
_v400
500 _aIncluye índice de autores.
650 4 _aNovela española
_91123
650 4 _aLiteratura española
_9632
830 0 _aAustral.
_v400
_93065
910 _aWM
049 _aBNGR
999 _c19685
_d19685